Statistics for Canada National Anthem Lyrics

Click here to take the quiz!

General Stats

  • This quiz has been taken 109 times
  • The average score is 49 of 63

Answer Stats

Answer% Correct
O
100%
O
100%
O
100%
O
100%
Canada
99%
Canada
99%
Canada
99%
Canada
99%
land
90%
land
90%
and
88%
and
88%
and
88%
and
88%
The
88%
our
86%
Our
86%
home
85%
native
82%
True
82%
True
82%
free
79%
free
79%
for
78%
for
78%
for
78%
we
78%
we
78%
we
78%
we
78%
on
77%
on
77%
on
77%
patriot
77%
thee
76%
thee
76%
thee
76%
thee
76%
North
74%
stand
74%
stand
74%
stand
74%
guard
73%
guard
73%
guard
73%
love
72%
all
71%
in
71%
command
69%
God
69%
strong
64%
keep
63%
glorious
62%
hearts
62%
see
62%
far
60%
From
60%
wide
60%
rise
59%
With
59%
glowing
56%
of
56%
us
53%

Score Distribution

Percentile by Number Answered

Percent of People with Each Score

Your Score History

You have not taken this quiz